Statistiken für Gründungsmitglieder 3. Liga (Saison 2008/09)

Klicken Sie hier um das Quiz zu spielen!

Allgemein

  • Dieses Quiz wurde 51 mal gespielt
  • Das Durchschnittsergebnis liegt bei 10 aus 20

Antwortstatistiken

PlatzAntwort% Korrekt
9.Dynamo Dresden
80%
1.Union Berlin
73%
10.Erfurt
67%
16.Jena
67%
3.Paderborn
64%
8.Sandhausen
64%
13.Braunschweig
62%
20.Stuttgarter Kickers
62%
4.Unterhaching
62%
19.VfR Aalen
58%
15.Regensburg
53%
14.Wuppertal
53%
7.Offenbach
51%
18.Burghausen
49%
2.Düsseldorf
49%
6.Kickers Emden
31%
5.Bayern 2
27%
17.Bremen 2
27%
11.Stuttgart 2
24%
12.Erzgebirge Aue
20%

Verteilung der Resultate

Perzentil nach korrekt beantworteten Fragen

Anzahl Personen mit jedem Resultat

Ihre Resultats-Entwicklung

Sie haben dieses Quiz noch nicht gespielt